[Event "GER-ch U25 op"]
[Site "Willingen"]
[Date "2004.06.02"]
[Round "7"]
[White "Dahmen, Christoph"]
[Black "Swalve, Tilko"]
[Result "1-0"]
[WhiteElo "2023"]
[BlackElo "1282"]
[PlyCount "39"]
[EventDate "2004.05.30"]
[EventType "swiss"]
[EventRounds "9"]
[EventCountry "GER"]
[SourceTitle "EXT 2005"]
[Source "ChessBase"]
[SourceDate "2004.11.15"]
[SourceVersion "1"]
[SourceVersionDate "2004.11.15"]
[SourceQuality "1"]

1. d4 Nf6 2. c4 e5 3. dxe5 Ng4 4. e3 d6 5. exd6 Bxd6 6. Nf3 Be6 7. Nc3 Qf6 8. a3 Bxh2 9. Ne4 Qh6 10. Nxh2 Nxh2 11. Ng3 Nd7 12. Be2 Nf6 13. Qc2 0-0-0 14. Bd2 Rhe8 15. 0-0-0 g6 16. Bf3 Qh4 17. Rxh2 Qxh2 18. Rh1 Qxh1+ 19. Nxh1 Bf5 20. Qa4 1-0

[Event "GER-ch U25 op"]
[Site "Willingen"]
[Date "2004.05.31"]
[Round "4"]
[White "Swalve, Tilko"]
[Black "Kuehner, Christian"]
[Result "1-0"]
[WhiteElo "1282"]
[BlackElo "2169"]
[PlyCount "31"]
[EventDate "2004.05.30"]
[EventType "swiss"]
[EventRounds "9"]
[EventCountry "GER"]
[SourceTitle "EXT 2005"]
[Source "ChessBase"]
[SourceDate "2004.11.15"]
[SourceVersion "1"]
[SourceVersionDate "2004.11.15"]
[SourceQuality "1"]

1. d4 Nf6 2. Nf3 e6 3. e3 b6 4. Bd3 Bb7 5. Nbd2 c5 6. 0-0 d5 7. c3 Nbd7 8. Ne5 Bd6 9. f4 0-0 10. Qf3 Rc8 11. g4 g6 12. g5 Nh5 13. Rf2 Bxe5 14. fxe5 Qxg5+ 15. Rg2 Qe7 16. Qxh5 1-0